000 00300nam a22001217a 4500
082 _a371.4
_bPAN/A
100 _aPANDEY,ASHOK . K
245 _aASPIRE TO INSPIRE
260 _aAGRA
_bOSWAAL BOOKS
300 _a06/12/2022
650 _a100 PRACTICAL SOLUTIONSTO TRANSFORM YOUR SCHOOL
_zAGRA
942 _cBK
999 _c5700
_d5700